| 000 | 01865cam a2200253 4500 | ||
|---|---|---|---|
| 001 | ABS67018 | ||
| 008 | 030820n2003 000 0 eng u | ||
| 035 | _a(Sirsi) u123321 | ||
| 100 | _aBiddulph, M. | ||
| 245 | _aFrom concept to completion | ||
| 260 | _c2003 | ||
| 490 |
_aTown Planning Review _v74(2) April 2003, 165-193(29) |
||
| 520 | _aGives a critical review of the evolution of the concept of the urban village as a planning process. Provides an understanding of the process and forces which have led to the articulation of the urban village concept including the influence of both structural and human agency factors which have influenced its constituent attributes. Appraises the processes and forces which have impacted upon the adoption, interpretation, application and implementation of the urban village concept in specific locations and analyses the extent to which urban village design principles have been adopted. Selects three case studies at Bordesley Urban Village, Birmingham, Garston-under-the-Bridge Urban Village Liverpool and West Silvertown Urban Village, Royal Victoria Docks London which illustrate contrasting schemes in contrasting locations. As part of these case studies, interviews were carried out with key involved professionals. Concludes with an investigation into the patterns of life within urban villages assessing the extent to which the urban village accords with the intention and perceptions of those who promote and use it and whether the principles of development accord with user aspirations. References. [Adapted from journal abstract]. | ||
| 590 | _aABS | ||
| 650 | _aURBAN VILLAGES | ||
| 650 | _aSUSTAINABLE DEVELOPMENT | ||
| 650 | _aURBAN DESIGN | ||
| 650 | _aPLANNING POLICY | ||
| 650 | _aURBAN RENEWAL | ||
| 690 | _aREGENERATION | ||
| 700 | _aFranklin, B. | ||
| 700 | _aTait, M. | ||
| 942 | _n0 | ||
| 999 |
_c73257 _d73257 |
||